Medzinárodné podnikanie a kreatívny priemysel diplomová práca

Salvato in:
Dettagli Bibliografici
Autore principale: Burdel, Dominik
Ente Autore: Obchodná fakulta EU. Katedra medzinárodného obchodu
Altri autori: Kittová, Zuzana, 1975-
Natura: Libro
Lingua:slovacco
Pubblicazione: Bratislava 2019
Tags: Aggiungi Tag
Nessun Tag, puoi essere il primo ad aggiungerne!!

MARC

LEADER 00000nbm a2200000 4500
001 0254107
005 20191004134621.6
041 0 |a slo 
044 |a SK 
245 1 0 |a Medzinárodné podnikanie a kreatívny priemysel  |b diplomová práca  |c Dominik Burdel ; školiteľ: Zuzana Kittová 
264 1 |a Bratislava  |c 2019 
300 |a 67 s. 
100 1 |a Burdel, Dominik 
700 1 |a Kittová, Zuzana, 1975- 
710 2 |a Obchodná fakulta EU. Katedra medzinárodného obchodu